000 00881nam a22002177a 4500
001 3351
003 FISKH
005 20240229152053.0
008 240229b cb ||||| |||| 00| 0 eng d
040 _aFISK
_beng
_cFISK
_dFISK
050 _aPR6068.O1959
082 _a823.914
100 _aRobinson Patrick :
_d1963-
245 _aHunter Killer /
_cPatrick Robinson
260 _aLondon :
_bWilliam Heinemann,
_c2005
300 _a389 pages :
_billustrations :
_c24 cm
520 _aThe terrifying battle for a desert kingdom has begun, as the oil fields explode and the global economy is plunged into chaos. Former Security Advisor to the President, Admiral Arnold Morgan, must lead the offensive to expose the foulest treachery since World War II before America's worst nightmare becomes reality.
700 _aPatrick Robinson
942 _2ddc
_cBK
_n0
999 _c3351
_d3351